[Event "Challenge"]
[Site "http://www.queenalice.com/game.php?id=134015"]
[Date "2006.11.27"]
[Round "-"]
[White "danco69"]
[Black "king_of_hearts"]
[Result "0-1"]
[WhiteElo "1373"]
[BlackElo "1500"]

1. e4 e5 2. d4 Nc6 3. d5 Nce7 4. Nf3 Nf6 5. Nxe5 d6 6. Bb5+ Bd7 7. Bxd7+ Nxd7 8.
Nxd7 Qxd7 9. O-O O-O-O 10. Be3 f5 11. Bxa7 b6 12. Qd3 Kb7 0-1

[Event "Challenge"]
[Site "http://www.queenalice.com/game.php?id=136381"]
[Date "2006.12.2"]
[Round "-"]
[White "king_of_hearts"]
[Black "Doctor"]
[Result "0-1"]
[WhiteElo "1608"]
[BlackElo "1501"]

1. e4 e6 2. d4 d5 3. Nc3 Bb4 4. Qg4 g6 5. Qg3 c5 6. dxc5 d4 7. a3 Bxc5 8. Nb5
Nc6 9. Nc7+ Kf8 10. Nxa8 Bd6 11. Qh3 h6 12. Bd3 e5 13. Qf3 Nf6 14. Bc4 Bg4 15.
Qb3 Na5 16. Qa4 Nxc4 17. Qxc4 Qxa8 18. f3 Be6 19. Qd3 Qc8 20. Bd2 Bc4 21. Bxh6+
Rxh6 22. Qd2 Kg7 23. g4 Rh8 24. h4 Nxg4 25. fxg4 Qxg4 26. Qh2 Qxe4+ 27. Ne2 Rxh4
0-1

[Event "AUTO-INT-265"]
[Site "http://www.queenalice.com/game.php?id=136902"]
[Date "2006.12.4"]
[Round "1"]
[White "piru1001"]
[Black "king_of_hearts"]
[Result "0-1"]
[WhiteElo "1461"]
[BlackElo "1558"]

1. e4 e5 2. Bc4 Qg5 3. Qf3 Nf6 4. d3 d6 5. Bxg5 Bg4 6. Qe3 Nc6 7. Bb5 Bd7 8. Nc3
Nd4 9. Ba4 Bxa4 10. Qd2 Bxc2 11. Nd5 Nxd5 12. Qa5 Be7 13. Nf3 Bxg5 14. Nxg5 Nb6
15. Qa3 O-O 16. Qc3 Ba4 17. Qd2 Nc2+ 18. Ke2 Nxa1 19. Rxa1 Bc6 20. Qe3 h6 21.
Nf3 f6 22. Nh4 d5 23. exd5 Nxd5 24. Qg3 Ne7 0-1

[Event "AUTO-INT-265"]
[Site "http://www.queenalice.com/game.php?id=136903"]
[Date "2006.12.4"]
[Round "1"]
[White "king_of_hearts"]
[Black "piru1001"]
[Result "1-0"]
[WhiteElo "1583"]
[BlackElo "1461"]

1. e4 e5 2. d3 Bc5 3. Nf3 Nc6 4. Be2 Bb4+ 5. Bd2 Bc5 6. O-O d6 7. Nc3 Nd4 8. a3
Nf6 9. b4 Bb6 10. a4 Be6 11. a5 Bxa5 12. bxa5 Bg4 13. Qb1 Nd7 14. Qxb7 Rb8 15.
Qxa7 Ra8 16. Qb7 Rb8 17. Qa6 Nc5 18. Qc4 Be6 19. Nd5 c6 20. Nxd4 h6 21. Nxc6 Qc8
22. Nxb8 Qxb8 23. Rfb1 1-0

[Event "AUTO-INT-265"]
[Site "http://www.queenalice.com/game.php?id=136916"]
[Date "2006.12.4"]
[Round "1"]
[White "winner"]
[Black "king_of_hearts"]
[Result "1-0"]
[WhiteElo "1662"]
[BlackElo "1575"]

1. e4 e5 2. Nf3 d6 3. d4 Bg4 4. dxe5 Bxf3 5. Qxf3 dxe5 6. Qd3 Bd6 7. Nc3 b6 8.
Nb5 Nf6 9. Nxd6+ Qxd6 10. Qxd6 cxd6 11. f3 O-O 12. Bg5 Nbd7 13. O-O-O h6 14. Be3
Ne8 15. Bc4 Ndf6 16. Bd2 Rc8 17. Ba6 Rc7 18. Be2 g5 19. Be3 Nh5 20. g3 f5 21.
exf5 Nhf6 22. g4 Kg7 23. Bd2 e4 24. Bc3 exf3 25. Bxf3 a5 26. Bxf6+ Rxf6 27. Rd5
Rc5 28. Rhd1 Rxd5 29. Rxd5 Nc7 30. Rd3 Kf8 31. Kd2 Ke7 32. Kc3 Kd7 33. Kc4 Na6
34. a3 Nc5 35. Rd2 h5 36. h3 hxg4 37. hxg4 Rh6 38. Kb5 Kc7 39. b4 axb4 40. axb4
Rh3 41. bxc5 bxc5 42. Rd3 1-0

[Event "AUTO-INT-265"]
[Site "http://www.queenalice.com/game.php?id=136917"]
[Date "2006.12.4"]
[Round "1"]
[White "king_of_hearts"]
[Black "winner"]
[Result "0-1"]
[WhiteElo "1562"]
[BlackElo "1691"]

1. e4 e6 2. d3 d5 3. Be2 dxe4 4. dxe4 Qxd1+ 5. Bxd1 Nc6 6. Nc3 Nf6 7. Bf3 Nd4 8.
Kd1 Nxf3 9. gxf3 Bb4 10. Bd2 Be7 11. Nb5 Bd8 12. e5 Nd7 13. f4 a6 14. Nc3 O-O
15. Be3 Be7 16. Nf3 f6 17. Nd4 Kf7 18. Kd2 fxe5 19. fxe5 Nxe5 20. Bf4 Nc4+ 21.
Kc1 Bf6 22. Nde2 c6 23. b3 Nb6 24. Kb2 Nd5 25. Bd2 Nxc3 26. Bxc3 Bxc3+ 27. Nxc3
Kg8 28. Rad1 b5 29. Rd6 Bb7 30. Rxe6 c5 31. Rg1 Rxf2 32. Re7 Rf7 33. Re5 Rc8 34.
Ne4 Bxe4 35. Rxe4 Rf2 36. h4 Rd8 37. Reg4 Rd7 38. Rg5 Rc7 39. h5 c4 40. b4 Rd7
41. R1g2 Rxg2 42. Rxg2 Rd5 43. Re2 Rxh5 44. Re6 Rh6 45. Re8+ Kf7 46. Ra8 Re6 47.
a4 bxa4 48. Ka3 h5 49. Kxa4 h4 50. Rc8 Re4 51. Ka5 h3 52. Kxa6 h2 53. Rh8 Re2
54. c3 g5 55. b5 g4 56. b6 g3 57. b7 Rb2 58. Ka7 Kf6 59. b8=Q Rxb8 60. Kxb8 Kf5
61. Rf8+ Kg4 62. Rg8+ Kf3 0-1

[Event "AUTO-INT-265"]
[Site "http://www.queenalice.com/game.php?id=136926"]
[Date "2006.12.4"]
[Round "1"]
[White "king_of_hearts"]
[Black "zechariahsl"]
[Result "0-1"]
[WhiteElo "1590"]
[BlackElo "1663"]

1. e4 b6 2. d3 Bb7 3. Nf3 e6 4. Nc3 Bb4 5. Bd2 Ne7 6. Be2 Nbc6 7. O-O O-O 8. a3
Bxc3 9. Bxc3 f6 10. d4 Qe8 11. d5 exd5 12. exd5 Nd8 13. d6 Nf5 14. Re1 Nxd6 15.
Bc4+ Ne6 16. Bd5 Bxd5 17. Qxd5 Kh8 18. Nd4 Qf7 19. Nxe6 dxe6 20. Rxe6 Rad8 21.
Rae1 Nc8 22. Qc6 a5 23. g3 Na7 24. Qe4 h6 25. Re7 Qg8 26. Rxc7 Nb5 27. Rc6 Nxc3
28. Rxc3 Rfe8 29. Qc6 Rxe1+ 30. Kg2 Qd5+ 31. Qxd5 Rxd5 32. Rc8+ Kh7 0-1

[Event "AUTO-INT-265"]
[Site "http://www.queenalice.com/game.php?id=136927"]
[Date "2006.12.4"]
[Round "1"]
[White "zechariahsl"]
[Black "king_of_hearts"]
[Result "0-1"]
[WhiteElo "1623"]
[BlackElo "1459"]

1. e4 e5 2. d3 d6 3. f4 Nc6 4. Nf3 Bg4 5. h3 Bxf3 6. Qxf3 Nd4 7. Qf2 Be7 8. Be3
Bf6 9. Bxd4 exd4 10. Nd2 Ne7 11. Nf3 c5 12. g4 Qb6 13. O-O-O Nc6 14. Bg2 Qa6 0-1

[Event "Challenge"]
[Site "http://www.queenalice.com/game.php?id=138635"]
[Date "2006.12.8"]
[Round "-"]
[White "rockrodrigues"]
[Black "king_of_hearts"]
[Result "1-0"]
[WhiteElo "1504"]
[BlackElo "1544"]

1. b4 e5 2. a3 d6 3. e4 g6 4. Be2 Bg7 5. Nf3 Nf6 6. d3 O-O 7. Nbd2 Nc6 8. Bb2 d5
9. Nxe5 dxe4 10. Nxc6 bxc6 11. Nxe4 Nxe4 12. Bxg7 Kxg7 13. dxe4 Qf6 14. O-O Qg5
15. f4 Qh4 16. Qe1 Qe7 17. e5 Bf5 18. Qc3 f6 19. exf6+ Qxf6 20. Qxf6+ Rxf6 21.
Bd3 Bxd3 22. cxd3 Raf8 23. g3 Rd6 24. Rfe1 Rf7 25. Rad1 Rfd7 26. Re3 Kf6 27. Kf2
Re6 28. Rxe6+ Kxe6 29. Ke3 Re7 30. Kd4 Rd7+ 31. Kc4 Rd5 32. Re1+ Kd7 33. Re5
Rxe5 34. fxe5 Ke6 35. d4 h5 36. a4 g5 37. b5 cxb5+ 38. Kxb5 Kd5 39. Ka6 c5 40.
dxc5 Kxc5 41. Kxa7 Kd5 42. Kb7 1-0

[Event "Revanche"]
[Site "http://www.queenalice.com/game.php?id=142969"]
[Date "2006.12.18"]
[Round "-"]
[White "profeta"]
[Black "king_of_hearts"]
[Result "0-1"]
[WhiteElo "1326"]
[BlackElo "1507"]

1. e4 e5 2. Qh5 g6 3. Qxe5+ Qe7 4. Qxh8 Qxe4+ 5. Ne2 Qxc2 6. Qxg8 Nc6 7. Na3 Qc5
8. d3 Qh5 9. Bd2 Qe5 10. Nc4 Qf6 11. Bh6 Qe7 12. d4 d5 13. Ne3 Be6 14. Bxf8 Qxf8
15. Qxf8+ Kxf8 16. Nc3 Nxd4 17. Rd1 c5 18. Nexd5 Re8 19. Nc7 Re7 20. Nxe6+ Rxe6+
21. Be2 b5 22. O-O Nxe2+ 23. Nxe2 Rxe2 24. Rd8+ Ke7 25. Ra8 Rxb2 26. Rxa7+ Kd6
27. Rxf7 Rxa2 28. Rxh7 c4 29. Rd1+ Kc5 30. Rg7 c3 31. Rc7+ Kb4 32. h3 Kb3 33.
Rb1+ Rb2 34. Rc1 c2 35. R1xc2 Rxc2 36. Rxc2 Kxc2 37. g4 b4 38. h4 b3 39. h5 b2
40. hxg6 b1=Q+ 41. Kg2 Qb7+ 42. Kh3 Qg7 43. f4 Qxg6 44. Kh4 Qf6+ 45. Kg3 Kd3 46.
Kf3 Kd4 47. g5 Qf5 48. Kg3 Ke4 49. Kh4 Kxf4 50. Kh5 Qxg5# 0-1

[Event "Challenge"]
[Site "http://www.queenalice.com/game.php?id=146347"]
[Date "2006.12.26"]
[Round "-"]
[White "simer"]
[Black "king_of_hearts"]
[Result "0-1"]
[WhiteElo "1534"]
[BlackElo "1481"]

1. e4 e5 2. Nf3 d6 3. Be2 Nf6 4. d3 Nc6 5. h3 Be6 6. c3 Be7 7. Nbd2 d5 8. exd5
Bxd5 9. b4 e4 10. dxe4 Bxe4 11. O-O Qd7 12. Re1 O-O-O 13. Bb5 Bxf3 14. gxf3 Bd6
15. Qa4 Qxh3 16. Bxc6 Bh2+ 17. Kh1 Bg3+ 18. Kg1 Qh2+ 19. Kf1 Qxf2# 0-1

[Event "Challenge"]
[Site "http://www.queenalice.com/game.php?id=152320"]
[Date "2007.1.10"]
[Round "-"]
[White "Cirilo"]
[Black "king_of_hearts"]
[Result "0-1"]
[WhiteElo "1577"]
[BlackElo "1516"]

1. e4 e5 2. Nf3 d6 3. Bc4 Nf6 4. Nc3 Nc6 5. h3 Be7 6. d4 O-O 7. dxe5 dxe5 8. O-O
Nd4 9. Nxd4 exd4 10. Nb5 Nxe4 11. Nxd4 Bg5 12. Re1 Re8 13. Qf3 Bf6 14. Rxe4 Rxe4
15. Qxe4 Bxd4 16. Be3 Bxb2 17. Re1 Bf6 18. Bg5 Bf5 19. Qxf5 Bxg5 20. Qxf7+ Kh8
21. Bb5 c6 22. Bd3 Bf6 23. Qh5 h6 24. Qg6 Qg8 25. g4 Rd8 26. f4 Rd6 27. g5 Bd4+
0-1

[Event "Challenge"]
[Site "http://www.queenalice.com/game.php?id=159139"]
[Date "2007.1.25"]
[Round "-"]
[White "charles31"]
[Black "king_of_hearts"]
[Result "1-0"]
[WhiteElo "1588"]
[BlackElo "1604"]

1. e4 e5 2. Nf3 Nc6 3. d4 exd4 4. Nxd4 Qf6 5. Be3 Bc5 6. c3 Nge7 7. Bb5 a6 8.
Bxc6 Nxc6 9. Nxc6 Bxe3 10. fxe3 dxc6 11. Nd2 Qg5 12. Qe2 O-O 13. O-O-O Qa5 14.
Kb1 Be6 15. a3 b5 16. Nf3 c5 17. Qc2 b4 18. c4 bxa3 19. b3 Rab8 20. Ka2 Qb4 21.
Rb1 Rfd8 22. Rhd1 Bg4 23. h3 Bxf3 24. gxf3 Rb6 25. Rxd8# 1-0

[Event "Challenge"]
[Site "http://www.queenalice.com/game.php?id=159140"]
[Date "2007.1.25"]
[Round "-"]
[White "king_of_hearts"]
[Black "charles31"]
[Result "1-0"]
[WhiteElo "1571"]
[BlackElo "1584"]

1. e4 e5 2. Bc4 Nf6 3. Nf3 c6 4. Nxe5 Qe7 5. Nxf7 d5 6. Bxd5 cxd5 7. Nxh8 Qxe4+
8. Kf1 Bc5 9. Qe1 Bf5 10. Qxe4+ Bxe4 11. d3 Bf5 12. Be3 d4 13. Bf4 Nc6 14. Na3
Kd7 15. Nf7 h6 16. Ne5+ Nxe5 17. Bxe5 Ng4 18. Bxg7 Rg8 19. h3 Nxf2 20. Kxf2 Rxg7
21. Rhe1 Rf7 22. Kg1 a6 23. Nc4 Rf8 24. Re5 b5 25. Rxc5 bxc4 26. Rxc4 Rg8 27.
Rxd4+ Kc6 28. Rf1 Bxh3 29. Rf2 Bc8 30. Rf6+ Kb7 31. Rxh6 Ka7 32. Rhd6 Bb7 33. g4
Bc8 34. Rd8 Rxg4+ 35. Rxg4 Bxg4 36. c4 a5 37. Kf2 Kb6 38. Rb8+ Kc5 39. Ke3 a4
40. Rb5+ Kd6 41. d4 Bd7 42. Rd5+ Ke6 43. Rxd7 Kxd7 44. d5 Kd6 45. Kd4 1-0

[Event "AUTO-INT-325"]
[Site "http://www.queenalice.com/game.php?id=159926"]
[Date "2007.1.27"]
[Round "1"]
[White "FMP"]
[Black "king_of_hearts"]
[Result "0-1"]
[WhiteElo "1554"]
[BlackElo "1545"]

1. e4 e5 2. Nf3 d6 3. Bc4 Nf6 4. d3 d5 5. exd5 Nxd5 6. Nxe5 Qe7 7. Qe2 Be6 8.
O-O Nd7 9. Nxd7 Qxd7 10. Re1 O-O-O 11. a3 Bd6 12. Bxd5 Bxd5 13. Nc3 Rde8 14. Qd1
Bf3 15. gxf3 Qh3 16. Rxe8+ Rxe8 17. Ne4 Qxh2+ 18. Kf1 f5 19. Be3 fxe4 20. dxe4
b6 21. Ke2 Rd8 22. Qg1 Qe5 23. Qg4+ Kb8 24. c3 Qb5+ 25. Ke1 Qxb2 26. Rc1 Bxa3
27. Qxg7 Qb3 28. Qf6 Rd7 29. Ra1 Bb2 30. Rb1 Bxc3+ 31. Qxc3 Qxc3+ 32. Kf1 Qd3+
0-1

[Event "AUTO-INT-325"]
[Site "http://www.queenalice.com/game.php?id=159927"]
[Date "2007.1.27"]
[Round "1"]
[White "king_of_hearts"]
[Black "FMP"]
[Result "0-1"]
[WhiteElo "1575"]
[BlackElo "1535"]

1. e4 e5 2. Bc4 Nf6 3. d3 d5 4. exd5 Nxd5 5. Qf3 c6 6. Ne2 Qf6 7. Qxf6 Nxf6 8.
Be3 Nd5 9. Bxd5 cxd5 10. d4 f6 11. Nec3 Be6 12. Nb5 Na6 13. N1c3 Bb4 14. O-O O-O
15. a3 Be7 16. dxe5 fxe5 17. Bxa7 d4 18. Bxd4 exd4 19. Nxd4 Bc4 20. Rfe1 Bf6 21.
Re4 Nc5 22. Rf4 Rad8 23. Ndb5 Bxb5 24. Nxb5 Bxb2 25. Rb1 Rxf4 26. Rxb2 Rd1# 0-1

[Event "AUTO-INT-325"]
[Site "http://www.queenalice.com/game.php?id=159938"]
[Date "2007.1.27"]
[Round "1"]
[White "charles31"]
[Black "king_of_hearts"]
[Result "1/2-1/2"]
[WhiteElo "1576"]
[BlackElo "1572"]

1. e4 e5 2. Nf3 d6 3. d4 Bg4 4. Be2 Nf6 5. h3 Bxf3 6. Bxf3 Nc6 7. d5 Nd4 8. c3
Nxf3+ 9. gxf3 Qd7 10. Qd3 Be7 11. Rg1 Qxh3 12. Nd2 Nh5 13. Nc4 Qh2 14. Qf1 Qh4
15. Ne3 Qf4 16. Ke2 Qf6 17. Ng4 Nf4+ 18. Bxf4 Qxf4 19. c4 Bg5 20. Qc1 Qxc1 21.
Raxc1 Bxc1 22. Rxc1 h5 23. Nh2 O-O-O 24. b4 c5 25. b5 b6 26. a4 Rdg8 27. a5 h4
28. a6 Rh5 29. Rg1 f6 30. Ke3 Rg5 31. Ng4 Rh8 32. f4 Rxg4 33. Rxg4 h3 34. Rg1 h2
35. Rh1 Rh3+ 36. f3 Kd7 37. f5 Ke7 38. Kf2 Kf7 39. Kg2 Rh4 40. Rxh2 Rxh2+ 41.
Kxh2 g5 42. Kg3 Kg7 43. Kg4 Kh6 44. Kh3 Kh5 45. Kg3 Kh6 46. Kg4 Kh7 47. Kh5 Kg7
48. Kg4 1/2-1/2

[Event "AUTO-INT-325"]
[Site "http://www.queenalice.com/game.php?id=159939"]
[Date "2007.1.27"]
[Round "1"]
[White "king_of_hearts"]
[Black "charles31"]
[Result "0-1"]
[WhiteElo "1595"]
[BlackElo "1575"]

1. e4 e5 2. d3 d5 3. Nf3 f6 4. Nc3 d4 5. Nd5 c6 6. Nb4 c5 7. Nd5 Be6 8. c4 Ne7
9. Nxe7 Bxe7 10. Be2 g5 11. Qb3 b6 12. O-O g4 13. Nd2 h5 14. f3 f5 15. fxg4 hxg4
16. a4 Nc6 17. Qa2 f4 18. g3 Bg5 19. Rf2 fxg3 20. hxg3 Be3 21. Nf1 Bxf2+ 22.
Kxf2 Qf6+ 23. Ke1 Rh1 24. b3 Kd7 25. Qd2 Rf8 26. Kd1 Rxf1+ 27. Bxf1 Qxf1+ 28.
Qe1 Qf3+ 29. Kc2 Nb4+ 30. Kb1 Qxd3+ 31. Kb2 Rf3 32. Ra3 Rxg3 33. Bd2 Qc2+ 34.
Ka1 Nd3 35. Qxg3 Qb2# 0-1

[Event "AUTO-INT-325"]
[Site "http://www.queenalice.com/game.php?id=159945"]
[Date "2007.1.27"]
[Round "1"]
[White "king_of_hearts"]
[Black "Roger_Moore"]
[Result "1-0"]
[WhiteElo "1582"]
[BlackElo "1352"]

1. e4 e5 2. Bc4 Qf6 3. Nf3 h6 4. Nc3 c6 5. d4 d6 6. dxe5 dxe5 7. O-O Be7 8. Qd3
c5 9. Nd5 Qd6 10. Rd1 Nf6 11. Nxe7 Qxd3 12. Rxd3 1-0